|
|
|
|
| LEADER |
00000nab#a22000007a#4500 |
| 001 |
arbauad029368 |
| 003 |
AR-BaUAD |
| 005 |
20250711112358.0 |
| 008 |
971127|||||||||###||||||b###|0###a|spa|| |
| 040 |
|
|
|a AR-BaUAD
|c AR-BaUAD
|b spa
|
| 100 |
|
|
|a Diez, Julia
|
| 245 |
|
|
|a Las galerias de Berlin-Mitte /
|c Julia Diez;
|
| 300 |
0 |
|
|b axonom., cortes, fot., plantas, vistas
|
| 653 |
|
|
|a BERLIN
|
| 653 |
|
|
|a ALEMANIA
|
| 653 |
|
|
|a CRITICA DE LA ARQUITECTURA
|
| 653 |
|
|
|a BERLIN-MITTE
|
| 653 |
|
|
|a GALERIAS DE ARTE
|
| 773 |
0 |
|
|t SUMMA+
|g no. 27 [oct.-nov. 1997], p. 102-105
|
| 942 |
|
|
|c ARTI
|
| 952 |
|
|
|0 0
|1 0
|4 0
|7 0
|9 74287
|a AR-BAuAD
|b AR-BAuAD
|d 2025-07-11
|l 0
|p AAQA029368
|r 2025-07-11 11:23:58
|w 2025-07-11
|y ARTI
|
| 990 |
|
|
|a AQ199
|b TD
|
| 998 |
|
|
|a AAQ
|b BIBUN76
|
| 999 |
|
|
|c 53960
|d 53960
|